000 00781cab a2200265 4500
001 WB2715-14
008 090401t1991 xxu||||| |||| 00| 0 eng d
035 _a(Sirsi) u56709
041 _aeng
245 _aEffects of recession
260 _c1991
350 _a0
490 _aFinancial Times
_v17/4/91 p12(2)
520 _aHighlights the effects of the property market slump on the Docklands housebuilder Wiggins and the firm of City solicitors D J Freeman & Co .
650 _aBOUTIQUE PRACTICE
650 _aMCKENNA AND CO
650 _aRECESSION
650 _aREDUNDANCY
650 _aRICHARDS BUTLER
650 _aSTEPIEN LAKE GILBERT AND PALING
650 _aTITMUSS SAINER AND WEBB
690 _aECONOMIC AND SOCIAL
942 _n0
948 _c04/03/1997
999 _c34611
_d34611